Mitigación de licuefacción mediante columnas de grava
সংরক্ষণ করুন:
| প্রধান লেখক: | |
|---|---|
| বিন্যাস: | গ্রন্থ |
| ভাষা: | Spanish |
| প্রকাশিত: |
[San José ], Costa Rica
2017
|
| বিষয়গুলি: | |
| ট্যাগগুলো: |
ট্যাগ যুক্ত করুন
কোনো ট্যাগ নেই, প্রথমজন হিসাবে ট্যাগ করুন!
|
MARC
| LEADER | 00000nam a22000007a 4500 | ||
|---|---|---|---|
| 003 | 012813 | ||
| 005 | 20221231144255.0 | ||
| 008 | 180116b2017 cr a|||| m||| 00| ||spa d | ||
| 040 | |c cru CEDI | ||
| 090 | |a TFG 7964 | ||
| 100 | |9 10828 |a Sequeira Araya Natalia | ||
| 245 | |a Mitigación de licuefacción mediante columnas de grava | ||
| 260 | |a [San José ], Costa Rica |c 2017 | ||
| 300 | |a xvi,142 hojas ; ilustraciones a color | ||
| 500 | |a Proyecto de graduación (licenciatura en ingeniería civil)--Universidad de Costa Rica. Facultad de Ingeniería. Escuela de Ingeniería Civil | ||
| 501 | |a Contiene dos Discos Compactos: Disco 1 Anexo A, Disco 2 Anexo A | ||
| 650 | |x LICUEFACCION DE SUELOS |x MECANICA DE SUELOS |x COLUMNAS DE HORMIGON |9 10829 | ||
| 942 | |c TFG | ||
| 999 | |c 19430 |d 19430 | ||
